La penúltima caída de la bolsa y la inevitable desaceleración mundial /
Este artículo pretende informar y analizar críticamente una compleja situación del desarrollo capitalista actual, más que el de predecir catástrofes.Se considera además, que la información brindada por la prensa es escasa. El artículo se ha escrito para informar sobre la complejidad y magnitud de la...
Salvato in:
| Autore principale: | |
|---|---|
| Natura: | testo |
| Soggetti: | |
| Tags: |
Aggiungi Tag
Nessun Tag, puoi essere il primo ad aggiungerne!!
|
MARC
| LEADER | 00000 a a2200000 04500 | ||
|---|---|---|---|
| 001 | 18214 | ||
| 003 | |||
| 040 | |||
| 100 | |a Graña, Alberto | ||
| 245 | |a La penúltima caída de la bolsa y la inevitable desaceleración mundial / |c Alberto Graña | ||
| 520 | |a Este artículo pretende informar y analizar críticamente una compleja situación del desarrollo capitalista actual, más que el de predecir catástrofes.Se considera además, que la información brindada por la prensa es escasa. El artículo se ha escrito para informar sobre la complejidad y magnitud de la situación y sus posibles efectos en el crecimiento global | ||
| 650 | |a DEUDA | ||
| 650 | |a ECONOMIA INTERNACIONAL | ||
| 650 | |a CREDITO | ||
| 650 | |a LIQUIDEZ | ||
| 650 | |a CONSUMO | ||
| 650 | |a ESTADOS UNIDOS | ||
| 773 | |g número 103; páginas 25-30 | ||
| 999 | |c 36164 |d 36164 | ||
